[Event "2nd European Youth GP 2017"]
[Site "Jermuk"]
[Date "2017.10.05"]
[Round "2"]
[White "Shubin, Kirill"]
[Black "Kaasen, Tor Fredrik"]
[Result "1-0"]
[WhiteElo "2359"]
[BlackElo "2371"]
[Annotator "NA"]
[PlyCount "115"]
[EventDate "2017.??.??"]
[EventType "tourn"]
[EventCountry "ARM"]
[SourceTitle "playchess.com"]
[Source "ChessBase"]
[SourceQuality "1"]
[TimeControl "5400+30"]

1. e4 {[%emt 0:00:00]} c5 {[%emt 0:00:13]} 2. Nf3 {[%emt 0:00:00]} e6 {[%emt 0:00:12]} 3. g3 {[%emt 0:00:00]} Nc6 {[%emt 0:02:00]} 4. Bg2 {[%emt 0:00:00]} Nf6 {[%emt 0:00:24]} 5. Qe2 {[%emt 0:00:00]} d6 {[%emt 0:01:27]} 6. c3 {[%emt 0:06:20]} e5 {[%emt 0:06:02]} 7. O-O {[%emt 0:00:50]} Be7 {[%emt 0:00:12]} 8. Rd1 {[%emt 0:00:53]} O-O {[%emt 0:02:34]} 9. d4 {[%emt 0:02:28]} Qc7 {[%emt 0:03:45]} 10. dxc5 {[%emt 0:05:07]} dxc5 {[%emt 0:00:09]} 11. Na3 {[%emt 0:00:13]} h6 {[%emt 0:04:56]} 12. Nh4 {[%emt 0:06:25]} Bg4 {[%emt 0:08:27]} 13. f3 {[%emt 0:03:54]} Be6 {[%emt 0:02:19]} 14. Nf5 {[%emt 0:00:42]} Rfd8 {[%emt 0:08:59]} 15. Nxe7+ {[%emt 0:08:32]} Qxe7 {[%emt 0:00:54]} 16. Be3 {[%emt 0:03:15]} Rxd1+ {[%emt 0:04:21]} 17. Rxd1 {[%emt 0:00:34]} Bxa2 {[%emt 0:07:40]} 18. Qb5 {[%emt 0:00:04]} Rd8 {[%emt 0:01:51]} 19. Ra1 {[%emt 0:00:10]} Be6 {[%emt 0:01:12]} 20. Bxc5 {[%emt 0:00:30]} Qd7 {[%emt 0:03:53]} 21. Be3 {[%emt 0:02:52]} a6 {[%emt 0:02:16]} 22. Qb6 {[%emt 0:02:13]} Qc8 {[%emt 0:02:43]} 23. Bf2 {[%emt 0:03:06]} Rd3 {[%emt 0:02:47]} 24. Be1 {[%emt 0:00:45]} Rd4 {[%emt 0:05:23]} 25. Nb5 {[%emt 0:01:50]} Rd3 {[%emt 0:10:40]} 26. Na7 {[%emt 0:04:41]} Nxa7 {[%emt 0:00:05]} 27. Qxa7 {[%emt 0:00:03]} Qd7 {[%emt 0:02:58]} 28. Qf2 {[%emt 0:05:49]} Nh7 {[%emt 0:07:48]} 29. h4 {[%emt 0:02:20]} Nf6 {[%emt 0:01:25]} 30. Bf1 {[%emt 0:00:36]} Rd6 {[%emt 0:00:09]} 31. Be2 {[%emt 0:02:48]} Bb3 {[%emt 0:03:25]} 32. c4 {[%emt 0:05:33]} Qc8 {[%emt 0:02:52]} 33. c5 {[%emt 0:02:26]} Rc6 {[%emt 0:00:07]} 34. Ra3 {[%emt 0:00:33]} Be6 {[%emt 0:01:04]} 35. b4 {[%emt 0:00:04]} Ne8 {[%emt 0:01:25]} 36. f4 {[%emt 0:00:32]} exf4 {[%emt 0:00:13]} 37. gxf4 {[%emt 0:00:34]} Bg4 {[%emt 0:00:28]} 38. Bc4 {[%emt 0:00:47]} Be6 {[%emt 0:00:21]} 39. Bd3 {[%emt 0:00:51]} Bg4 {[%emt 0:00:32]} 40. f5 {[%emt 0:01:01]} Nf6 {[%emt 0:01:02]} 41. e5 {[%emt 0:00:57]} Nd5 {[%emt 0:00:58]} 42. Be4 {[%emt 0:00:20]} Ne7 {[%emt 0:00:22]} 43. Bxc6 {[%emt 0:00:47]} Nxc6 {[%emt 0:00:06]} 44. e6 {[%emt 0:01:29]} Ne5 {[%emt 0:00:46]} 45. Qf4 {[%emt 0:00:48]} f6 {[%emt 0:00:20]} 46. Bc3 {[%emt 0:00:56]} Nf3+ {[%emt 0:00:04]} 47. Kf2 {[%emt 0:00:26]} h5 {[%emt 0:00:24]} 48. Bxf6 {[%emt 0:01:27]} gxf6 {[%emt 0:01:07]} 49. Rxf3 {[%emt 0:00:05]} Bxf3 {[%emt 0:00:12]} 50. Qxf3 {[%emt 0:00:34]} Qd8 {[%emt 0:00:24]} 51. Qg3+ {[%emt 0:00:05]} Kh8 {[%emt 0:00:48]} 52. Qd6 {[%emt 0:00:08]} Qg8 {[%emt 0:00:01]} 53. e7 {[%emt 0:05:21]} Qa2+ {[%emt 0:00:05]} 54. Ke3 {[%emt 0:00:08]} Qa3+ {[%emt 0:00:34]} 55. Qd3 {[%emt 0:00:04]} Qc1+ {[%emt 0:00:26]} 56. Ke2 {[%emt 0:00:07]} Qb2+ {[%emt 0:00:33]} 57. Qd2 {[%emt 0:00:09]} Qe5+ {[%emt 0:00:38]} 58. Qe3 {[%emt 0:00:04]} 1-0

[Event "2nd European Youth GP 2017"]
[Site "Jermuk"]
[Date "2017.10.05"]
[Round "2"]
[White "Nesterov, Arseniy"]
[Black "Pultinevicius, Paulius"]
[Result "1-0"]
[WhiteElo "2350"]
[BlackElo "2387"]
[Annotator "NA"]
[PlyCount "79"]
[EventDate "2017.??.??"]
[EventType "tourn"]
[EventCountry "ARM"]
[SourceTitle "playchess.com"]
[Source "ChessBase"]
[SourceQuality "1"]
[TimeControl "5400+30"]

1. d4 {[%emt 0:00:00]} Nf6 {[%emt 0:00:04]} 2. c4 {[%emt 0:00:00]} g6 {[%emt 0:00:03]} 3. Nc3 {[%emt 0:00:00]} d5 {[%emt 0:00:04]} 4. Bg5 {[%emt 0:00:00]} Ne4 {[%emt 0:00:44]} 5. Bh4 {[%emt 0:00:40]} Nxc3 {[%emt 0:00:05]} 6. bxc3 {[%emt 0:00:04]} dxc4 {[%emt 0:00:10]} 7. Qa4+ {[%emt 0:11:48]} Nd7 {[%emt 0:06:25]} 8. e4 {[%emt 0:09:36]} Bg7 {[%emt 0:02:27]} 9. Bxc4 {[%emt 0:08:40]} c5 {[%emt 0:05:06]} 10. Ne2 {[%emt 0:02:41]} O-O {[%emt 0:11:55]} 11. Qa3 {[%emt 0:03:28]} Qc7 {[%emt 0:00:48]} 12. Rc1 {[%emt 0:13:46]} Rb8 {[%emt 0:02:13]} 13. Bxe7 {[%emt 0:08:32]} Re8 {[%emt 0:17:09]} 14. Bh4 {[%emt 0:00:10]} Bf8 {[%emt 0:04:14]} 15. Bg3 {[%emt 0:03:08]} Bd6 {[%emt 0:00:12]} 16. Qb3 {[%emt 0:21:36]} Rxe4 {[%emt 0:00:56]} 17. Bxf7+ {[%emt 0:00:45]} Kg7 {[%emt 0:04:22]} 18. Qd5 {[%emt 0:01:11]} Rxe2+ {[%emt 0:00:50]} 19. Kxe2 {[%emt 0:00:01]} Bf4 {[%emt 0:02:56]} 20. Be6 {[%emt 0:06:36]} Nf6 {[%emt 0:05:24]} 21. Bxf4 {[%emt 0:00:29]} Qxf4 {[%emt 0:00:11]} 22. Qe5 {[%emt 0:00:08]} Qxe5+ {[%emt 0:00:07]} 23. dxe5 {[%emt 0:00:04]} Bxe6 {[%emt 0:00:06]} 24. exf6+ {[%emt 0:00:08]} Kxf6 {[%emt 0:00:03]} 25. Rc2 {[%emt 0:02:29]} b5 {[%emt 0:01:51]} 26. Rd1 {[%emt 0:00:56]} Rb6 {[%emt 0:00:44]} 27. Rb2 {[%emt 0:02:16]} Ra6 {[%emt 0:00:36]} 28. Ke3 {[%emt 0:01:04]} Ra3 {[%emt 0:04:26]} 29. Rxb5 {[%emt 0:00:31]} Rxc3+ {[%emt 0:00:23]} 30. Kd2 {[%emt 0:01:59]} Ra3 {[%emt 0:00:50]} 31. Rxc5 {[%emt 0:00:08]} Rxa2+ {[%emt 0:00:06]} 32. Rc2 {[%emt 0:00:25]} Ra6 {[%emt 0:00:49]} 33. Rc3 {[%emt 0:00:37]} h5 {[%emt 0:04:15]} 34. Ke3 {[%emt 0:00:10]} h4 {[%emt 0:00:30]} 35. Rd4 {[%emt 0:00:43]} g5 {[%emt 0:00:12]} 36. h3 {[%emt 0:00:36]} Ke5 {[%emt 0:02:26]} 37. f4+ {[%emt 0:01:57]} Kf6 {[%emt 0:04:04]} 38. fxg5+ {[%emt 0:00:06]} Kxg5 {[%emt 0:00:00]} 39. Rc5+ {[%emt 0:00:07]} Bf5 {[%emt 0:00:03]} 40. Rg4+ {[%emt 0:00:16]} 1-0

[Event "2nd European Youth GP 2017"]
[Site "Jermuk"]
[Date "2017.10.06"]
[Round "3"]
[White "Hakobyan, Aram"]
[Black "Pogosyan, Stefan"]
[Result "1-0"]
[WhiteElo "2457"]
[BlackElo "2368"]
[Annotator "TA"]
[PlyCount "61"]
[EventDate "2017.??.??"]
[EventType "tourn"]
[EventCountry "ARM"]
[SourceTitle "playchess.com"]
[Source "ChessBase"]
[SourceQuality "1"]

{[%evp 18,61,80,79,233,215,318,256,250,191,318,318,352,358,372,374,366,287,506,500,503,481,1450,1493,1492,1487,1469,1446,1437,1433,2484,29967,7013,6585,2554,2087,6095,1731,29994,29995,29996,29997,29997,29998,29998,29999]} 1. d4 Nf6 2. Nf3 e6 3. e3 c5 4. c4 b6 5. Bd3 Bb7 6. O-O Be7 7. Nc3 cxd4 8. exd4 d6 9. d5 e5 10. Nh4 {LiveBook: 21 Games. E14: Queen's Indian: Classical Variation (4 e3)} (10. Re1 O-O 11. Rb1 Nbd7 12. b4 Ne8 13. Bc2 Rc8 14. Qe2 Ba6 15. Nd2 Bg5 16. Bb3 f5 17. Nf3 Bxc1 18. Rbxc1 {1-0 (27) Kramnik,V (2801)-Eljanov,P (2765) Stavanger 2016}) 10... Ng8 $146 (10... Nxd5 $16 11. Nxd5 Bxh4) ({Predecessor:} 10... g6 11. f4 Nbd7 12. Nf3 O-O 13. f5 b5 14. cxb5 Nxd5 15. Nxd5 Bxd5 16. Bh6 Qb6+ {½-½ (16) Bogner,S (2544)-Studer,N (2416) Biel 2015}) 11. Nf5 $18 Bf8 (11... g6 $142) 12. Ne4 {Threatens to win with Qa4+.White has a decisive advantage.} Qc7 13. Bg5 Nd7 (13... h6 $142) 14. f4 ({Not} 14. Qa4 g6 $16) 14... f6 15. Nexd6+ Bxd6 16. Nxg7+ Ke7 17. Qg4 Nc5 $2 (17... Rf8 {was called for.} 18. Ne6 Qc8) 18. Ne6 Nxe6 {[#]} 19. Bxf6+ $1 {[%mdl 512]} Kf8 (19... Nxf6 $142 20. Qxe6+ Kd8) (19... Kxf6 20. Qxe6+) 20. fxe5 {Threatening mate with Bh4+.} Bc5+ 21. Kh1 Nxf6 22. Rxf6+ Ke8 23. d6 Qd7 24. Rxe6+ {[%cal Bf6e6,Be6e7,Be7c7][%mdl 32]} Kd8 25. Qg5+ Kc8 26. Re7 Qd8 27. Qg7 (27. Rc7+ $142 Kb8 28. Qg7) 27... Ba6 28. Be4 {White mates.} Rg8 29. Rc7+ Kb8 {[#]} 30. Rb7+ $1 {[%mdl 512]} Kc8 (30... Bxb7 31. Qxb7#) 31. Bf5+ {Precision: White = 74%, Black = 33%.} 1-0

[Event "2nd European Youth GP 2017"]
[Site "Jermuk"]
[Date "2017.10.06"]
[Round "3"]
[White "Pultinevicius, Paulius"]
[Black "Lobanov, Sergei"]
[Result "0-1"]
[WhiteElo "2387"]
[BlackElo "2457"]
[Annotator "TA"]
[PlyCount "98"]
[EventDate "2017.??.??"]
[EventType "tourn"]
[EventCountry "ARM"]
[SourceTitle "playchess.com"]
[Source "ChessBase"]
[SourceQuality "1"]

{[%evp 27,98,-5,-12,-39,-35,-43,-33,-27,-31,-47,-14,-79,-72,-88,-59,-60,-49,-60,-64,-63,-60,-62,-39,-55,-20,-29,-20,-21,-28,-20,-20,-27,-43,-40,-43,-35,-29,-98,-112,-231,-236,-343,-341,-433,-349,-426,-378,-362,-357,-418,-421,-398,-391,-527,-492,-648,-646,-595,-565,-667,-648,-621,-452,-470,-485,-481,-473,-510,-496,-686,-636,-2514,-2168]} 1. c4 c5 2. Nf3 Nc6 3. d4 cxd4 4. Nxd4 e6 5. Nc3 Nf6 6. g3 Qb6 7. Nb3 Ne5 8. e4 Bb4 9. Qe2 d6 10. f4 Nc6 11. Be3 Bxc3+ 12. bxc3 Qc7 13. Bg2 e5 {A33: Symmetrical English: 2 Nf3 Nf6 3 d4 cxd4 4 Nxd4 e6 5 Nc3 Nc6} 14. c5 dxc5 {LiveBook: 5 Games} (14... b6 15. cxd6 Qxd6 16. O-O O-O 17. Rfd1 Qe7 18. f5 Qa3 19. Bc1 Qa4 20. Bg5 Ba6 21. Qe3 {½-½ (29) Svane,R (2542)-Ragger,M (2695) Germany 2016}) 15. Nxc5 b6 {Black is slightly better.} 16. Nb3 Bb7 $146 ({Predecessor:} 16... O-O 17. O-O Re8 18. f5 h6 19. g4 Nb8 20. c4 Ba6 21. Rfc1 Nc6 22. g5 hxg5 23. Bxg5 Rac8 24. Bxf6 gxf6 25. Qe3 Kg7 26. Rab1 {½-½ (26) Fedukin,A (2252)-Markic,V (2186) ICCF email 2010}) 17. O-O O-O 18. Rac1 Rac8 19. Kh1 (19. c4 $11 {remains equal.}) 19... Rfe8 20. Nd2 Rcd8 21. f5 Qd7 22. Rfe1 Qd3 23. Qf3 Na5 24. c4 {[%cal Bc3c4,Bc4c5][%mdl 32]} Nc6 25. c5 $1 Nb4 {[#] Strongly threatening ...Nc2.} 26. Bf1 $1 {[%cal Rf1d3]} ({Of course not} 26. cxb6 Nc2 $17) 26... Qa3 {Threatens to win with ...Rxd2!} 27. Nc4 Bxe4 28. Qxe4 Qxc1 $1 29. Bxc1 Nxe4 30. Rxe4 {[#] Hoping for Nd6.} Rd1 $36 {[%mdl 2048] Black has good play.} 31. Ne3 Rd4 32. Rxd4 (32. Rg4 $11 {keeps the balance.}) 32... exd4 $17 33. Ng2 (33. cxb6 $17 dxe3 34. bxa7) 33... bxc5 $19 34. Bd2 (34. Ba3 $142) 34... Nxa2 35. Bc4 Rb8 36. Kg1 Rb2 37. Ba5 Nb4 38. Nf4 Rc2 39. Bb5 a6 40. Bf1 Nc6 {Black is clearly winning.} 41. Bb6 c4 42. Bg2 Rb2 43. Bc5 Rb5 44. Bd6 Rb1+ 45. Kf2 Nb4 46. Be4 Rb2+ 47. Kf3 a5 48. Be5 Rb3+ 49. Ke2 Re3+ {Precision: White = 40%, Black = 75%.} 0-1

[Event "2nd European Youth GP 2017"]
[Site "Jermuk"]
[Date "2017.10.06"]
[Round "3"]
[White "Kaasen, Tor Fredrik"]
[Black "Shevchenko, Kirill"]
[Result "0-1"]
[WhiteElo "2371"]
[BlackElo "2531"]
[Annotator "TA"]
[PlyCount "118"]
[EventDate "2017.??.??"]
[EventType "tourn"]
[EventCountry "ARM"]
[SourceTitle "playchess.com"]
[Source "ChessBase"]
[SourceQuality "1"]

{[%evp 22,118,36,37,35,0,0,0,-2,-99,-104,-95,-96,-102,-106,-113,-72,-85,-77,-100,-53,-54,-54,-36,-48,-41,-50,-93,-86,-109,-104,-91,-141,-125,-94,-160,-156,-166,-158,-162,-137,-189,-178,-218,-178,-197,-190,-188,-179,-386,-389,-389,-412,-408,-381,-412,-366,-411,-411,-393,-365,-379,-370,-745,-729,-685,-599,-538,-611,-856,-858,-846,-810,-854,-812,-786,-558,-1535,-1535,-1585,-1579,-5675,-5631,-29969,-2120,-29970,-29973,-29972,-29973,-29942,-6307,-29979,-29980,-29979,-29979,-29981,-29979,-29982,-29983]} 1. e4 e5 2. Nf3 Nc6 3. Bc4 Nf6 4. d3 Be7 5. O-O O-O 6. Re1 d6 7. a4 Kh8 8. c3 Ng8 {C55: Zweispringerspiel} 9. d4 f5 10. dxe5 fxe4 11. Rxe4 Rxf3 12. gxf3 {LiveBook: 3 Partien. Droht Lf4 und aus.} ({Viel schwächer wäre} 12. Qxf3 d5 $15) 12... Nxe5 13. Bf1 $146 ({Vorgänger:} 13. Rxe5 dxe5 14. Qxd8 Bxd8 15. Nd2 Nf6 16. Ne4 Nxe4 17. fxe4 Bg4 18. Kg2 Bh4 19. f3 Bh5 20. Be3 Rd8 21. b4 h6 {½-½ (21) Fedorchuk,S (2635)-Giri,A (2722) Germany 2012}) 13... Bf5 14. Re1 Qe8 15. Nd2 (15. Kh1 $11 {hält das Gleichgewicht.}) 15... Qg6+ $17 16. Kh1 Bc2 17. Qe2 Nd3 18. Ne4 Nxe1 19. Qxe1 Rf8 (19... Nf6 {with more complications.} 20. Ng3 Qf7 21. Be3 Bb3 22. Qe2 a6) 20. Bg2 Bxe4 21. fxe4 Bh4 22. Be3 Nf6 {[%cal Bg8f6,Bf6e4,Be4g3][%mdl 32]} 23. Qe2 Nxe4 24. f3 {[#]} Qh5 $1 25. Qb5 {[#]} Ng3+ $1 $40 {[%mdl 640] Schwarz riecht Blut.} 26. Kg1 (26. hxg3 Bg5+) 26... Nf5 27. Bd2 Qe8 28. f4 {[#]} (28. Rf1 $142) 28... c6 $1 {[%cal Rc6b5]} 29. Qd3 d5 30. b4 Qg6 31. Qh3 (31. Be3 $17 {war angesagt.}) 31... Re8 $19 {Droht stark ...Te2.} 32. Qf3 Bd8 33. Re1 Rxe1+ 34. Bxe1 {[#]} Ne3 $1 {[%mdl 512]} 35. a5 $2 ({Nur nicht} 35. Qxe3 $2 Bb6 $19) (35. f5 Nxf5 36. Kh1) 35... Qxg2+ 36. Qxg2 Nxg2 37. Kxg2 {[%mdl 4096] Endspiel KL-KL} g6 38. Kf3 Kg7 39. Ke3 Bf6 40. Kd3 Kf7 41. Bf2 a6 42. Be1 $2 (42. Bd4 Bh4 43. Ke3) 42... Ke6 43. Ke3 Kf5 44. Kf3 Be7 45. Bf2 Bd6 46. Be3 {[#]} d4 $1 {[%mdl 512]} 47. Bxd4 (47. cxd4 Bxb4) 47... Bxf4 48. Bg1 g5 49. h3 h5 {[%cal Bh7h5,Bh5g4][%mdl 32]} 50. Bf2 g4+ 51. hxg4+ hxg4+ 52. Ke2 Ke4 (52... g3 $142 53. Bb6 Kg4 54. Kf1 Kh3 55. Ke2 Be5 56. Kd2 Kh2 57. Kd3 g2 58. Kc4 g1=R 59. Bxg1+ Kxg1 60. Kd3 Kf2 61. Kd2 Bg7 62. c4 Kf3 63. Kd3 Be5 64. Kc2 Ke3 65. c5 Kd4 66. Kd2 Kc4 67. Ke3 Kxb4 68. Ke4 Bb8 69. Kf5 Kxa5 70. Ke4 Kb4 71. Kf3 a5 72. Ke3 a4 73. Kd2 Kb3 74. Ke3 a3 75. Kf3 a2 76. Kg4 a1=Q 77. Kg5 Qe5+ 78. Kg6 Qe6+ 79. Kg5 Be5 80. Kh5 Bf4 81. Kh4 Qg6 82. Kh3 Qg3#) 53. Bc5 g3 54. Bb6 g2 55. Bg1 Be5 56. Kf2 Bxc3 {Schwarz setzt Matt.} 57. Kxg2 Bxb4 58. Bb6 Kd3 59. Kf3 c5 {Precision: Weiß = 28%, Schwarz = 79%.} 0-1

[Event "2nd European Youth GP 2017"]
[Site "Jermuk"]
[Date "2017.10.06"]
[Round "3"]
[White "Gharibyan, Mamikon"]
[Black "Sargsyan, Shant"]
[Result "0-1"]
[WhiteElo "2346"]
[BlackElo "2431"]
[Annotator "TA"]
[PlyCount "86"]
[EventDate "2017.??.??"]
[EventType "tourn"]
[EventCountry "ARM"]
[SourceTitle "playchess.com"]
[Source "ChessBase"]
[SourceQuality "1"]

{[%evp 19,86,-1,0,-10,-8,-15,-11,-8,-5,-10,-16,-41,-41,-37,-33,-46,-34,-99,-104,-101,-110,-141,-136,-135,-129,-135,-129,-154,-129,-140,-136,-133,-133,-216,-152,-168,-151,-145,-134,-162,-157,-359,-332,-390,-386,-587,-572,-529,-404,-452,-458,-453,-450,-502,-491,-500,-535,-538,-531,-512,-522,-577,-578,-669,-654,-1073,-1050,-984,-973]} 1. d4 Nf6 2. Nf3 g6 3. c4 Bg7 4. Nc3 d5 5. cxd5 Nxd5 6. Bd2 c5 7. Rc1 Nxc3 8. Bxc3 cxd4 9. Nxd4 O-O {[%cal Bh8f8,Bf8d8,Bd8d3][%mdl 32]} 10. e3 Qd5 {LiveBook: 4 Games. D90: Grünfeld: 4 Nf3 Bg7 sidelines} (10... Bd7 11. Be2 Nc6 12. Nb5 Be6 13. Qxd8 Raxd8 14. a3 Bxc3+ 15. Nxc3 Na5 16. Nb5 Rc8 17. O-O Nb3 18. Rc3 Rxc3 19. Nxc3 Rd8 20. Rd1 Rxd1+ 21. Bxd1 Nd2 {½-½ (21) Fridman,D (2665)-Mikhalevski,V (2631) Belgium 2009}) 11. Nb3 $146 ({Predecessor:} 11. Nb5 Qxd1+ 12. Rxd1 Nc6 13. Be2 Bxc3+ 14. Nxc3 Be6 15. Bf3 Ne5 16. Be4 Rad8 17. O-O Nc4 18. Rxd8 Rxd8 {½-½ (80) Bajarani,U (2446)-Codenotti,M (2314) Athens 2012}) 11... Qxd1+ 12. Kxd1 Rd8+ {The position is equal.} 13. Ke1 Nc6 14. Bxg7 Kxg7 15. Bb5 Nb4 16. a3 Nd3+ 17. Bxd3 $1 Rxd3 18. Nd4 (18. Nc5 $15 Rd6 19. f3) 18... Bg4 $17 19. h3 Rc8 {[%cal Rc8c1]} 20. Ra1 {[#]} e5 $1 21. Nb5 {[#]} Be6 $1 {White must now prevent ...Rc2.} 22. Nc3 Bb3 23. h4 h5 24. Ke2 Rcd8 25. Rhb1 Rd2+ 26. Kf3 (26. Ke1 $17 {might work better.}) 26... Rc2 27. Kg3 Rdd2 28. Ne4 Re2 {...f5 is the strong threat.} 29. Rd1 Rxb2 30. Rd7 $2 (30. Rdb1 $17) 30... Ba4 $19 31. Rc7 Bc6 32. Rxc6 (32. Ng5 {only move.} Rxf2 33. Rg1) 32... bxc6 {[%mdl 4096] Endgame KRR-KRN} 33. Rd1 Rb7 34. Nd6 Re7 {Black is clearly winning.} 35. Rc1 Rd2 36. Ne4 Ra2 37. Rxc6 Rxa3 38. Kf3 a5 39. Ra6 Ra1 40. Nc5 Rc7 41. Nb3 Ra3 42. Nxa5 Rd7 43. Ke4 Rd1 {Precision: White = 38%, Black = 99%.} 0-1

[Event "2nd European Youth GP 2017"]
[Site "Jermuk"]
[Date "2017.10.06"]
[Round "3"]
[White "Zarubitski, Viachaslau"]
[Black "Shubin, Kirill"]
[Result "1/2-1/2"]
[WhiteElo "2311"]
[BlackElo "2359"]
[Annotator "NA RC"]
[PlyCount "117"]
[EventDate "2017.??.??"]
[EventType "tourn"]
[EventCountry "ARM"]
[SourceTitle "playchess.com"]
[Source "ChessBase"]
[SourceQuality "1"]
[TimeControl "5400+30"]

{[%evp 15,110,6,32767,32767,32767,32767,0,32767,-5,-8,6,0,0,0,0,0,9,12,20,15,9,32767,32767,32767,16,-27,-13,-17,-12,-23,-10,-8,-13,-36,-19,-16,-14,-14,-19,-12,-11,0,0,32767,-5,-16,32767,-118,-122,-119,-104,-107,32767,-133,32767,-106,32767,-57,-27,-25,-35,-24,-18,-69,-50,-67,-66,-81,-75,32767,32767,32767,32767,32767,32767,-77,-80,-82,-80,-94,-77,-111,-73,-80,-46,-4631,-8,-8,-8,-8,-8,-8,-8,-8,0,-8,-8]} 1. e4 {[%emt 0:00:00]} e6 {[%emt 0:00:05]} 2. d4 {[%emt 0:00:00]} d5 {[%emt 0:00:03]} 3. Nc3 {[%emt 0:00:00]} Bb4 {[%emt 0:00:03]} 4. exd5 {[%emt 0:00:00]} exd5 {[%emt 0:01:28]} 5. Bd3 {[%emt 0:00:00]} c6 {[%emt 0:00:03]} 6. Nge2 {[%emt 0:00:02]} Ne7 {[%emt 0:01:39]} 7. Ng3 {[%emt 0:00:49] C01: French: Exchange Variation} O-O {[%emt 0:00:26]} 8. O-O {[%emt 0:00:22] LiveBook: 19 Games} Ng6 {[%emt 0:00:09]} 9. a3 $146 {[%emt 0:02:52]} ({Predecessor:} 9. Qh5 Nd7 10. Bg5 Nf6 11. Qf3 Be7 12. Nf5 Bxf5 13. Qxf5 Ne8 14. Be3 Nd6 {0-1 (74) Cheparinov,I (2672)-Rapport,R (2676) Camarinas 2013}) 9... Bd6 {[%emt 0:02:47]} 10. Nf5 {[%emt 0:02:44]} Bxf5 {[%emt 0:02:55]} 11. Bxf5 {[%emt 0:00:06]} Nd7 {[%emt 0:01:47]} 12. g3 {[%emt 0:05:05]} Nf6 {[%emt 0:01:51]} 13. Bg5 {[%emt 0:02:20]} h6 {[%emt 0:00:26]} 14. Be3 {[%emt 0:00:27]} Re8 {[%emt 0:03:21]} 15. Qf3 {[%emt 0:03:59]} Nh7 {[%emt 0:04:01]} 16. h4 {[%emt 0:01:13]} Qf6 {[%emt 0:01:20]} 17. Kg2 {[%emt 0:12:26]} Re7 {[%emt 0:05:30]} 18. Rfe1 {[%emt 0:02:18]} Rae8 {[%emt 0:01:36]} 19. Bd3 {[%emt 0:03:35]} Ngf8 {[%emt 0:05:27]} 20. Nb1 {[%emt 0:06:58]} Qxf3+ {[%emt 0:04:13]} 21. Kxf3 {[%emt 0:00:03]} Ne6 {[%emt 0:01:31]} 22. c3 {[%emt 0:01:05]} f5 {[%emt 0:05:55]} 23. Nd2 {[%emt 0:14:45]} Rf8 {[%emt 0:03:21]} 24. Bf4 {[%emt 0:06:28]} Nxf4 {[%emt 0:01:18]} 25. Rxe7 {[%emt 0:00:13]} Nxd3 {[%emt 0:07:07]} 26. Rd7 {[%emt 0:00:43]} Rf6 {[%emt 0:01:17]} 27. Ke2 $1 {[%emt 0:03:02]} Nxb2 {[%emt 0:00:31]} 28. Rxb7 {[%emt 0:05:19]} Re6+ {[%emt 0:00:10]} 29. Kf1 {[%emt 0:00:10]} Na4 {[%emt 0:03:10]} 30. Rxa7 {[%emt 0:00:52]} Nxc3 {[%emt 0:00:30]} 31. Rc1 {[%emt 0:02:33]} (31. Ra6 $11) 31... Nb5 {[%emt 0:00:12]} 32. Ra8+ {[%emt 0:00:02]} Kf7 {[%emt 0:02:14]} 33. Rxc6 {[%emt 0:00:26]} Nxd4 {[%emt 0:02:39]} 34. Rc3 {[%emt 0:02:49]} Nb5 {[%emt 0:04:33]} 35. Rb3 {[%emt 0:01:20]} Nxa3 {[%emt 0:00:46]} 36. Ra7+ {[%emt 0:00:36]} Kf6 {[%emt 0:02:50]} 37. Raxa3 {[%emt 0:00:13]} Bxa3 {[%emt 0:00:04]} 38. Rxa3 {[%emt 0:00:04]} Nf8 {[%emt 0:02:09]} 39. Rd3 {[%emt 0:05:50]} (39. Ra8 $11 Nd7 40. Nf3) 39... Rd6 $1 {[%emt 0:00:24]} 40. Nc4 {[%emt 0:00:02]} Rd8 $1 {[%emt 0:00:43]} 41. f4 {[%emt 0:00:08]} Ne6 {[%emt 0:00:15]} 42. Ne5 {[%emt 0:00:23]} g5 {[%emt 0:00:16]} 43. hxg5+ {[%emt 0:00:12]} hxg5 {[%emt 0:00:05]} 44. Nc6 {[%emt 0:00:06]} Rd6 {[%emt 0:00:49]} 45. Nb4 {[%emt 0:01:45]} d4 {[%emt 0:00:40]} ({Much weaker is} 45... gxf4 $6 46. Nxd5+ Kg5 47. Nxf4 $11) 46. fxg5+ {[%emt 0:00:33]} Nxg5 {[%emt 0:00:16]} 47. Ra3 {[%emt 0:01:51]} Ne4 {[%emt 0:00:29]} 48. Ke2 {[%emt 0:01:43]} Kg5 {[%emt 0:00:24]} 49. Kf3 {[%emt 0:01:04]} Rb6 {[%emt 0:00:24]} 50. Nc2 $2 {[%emt 0:00:40] [#]} (50. Nd3 $15) 50... Rb3+ $2 {[%emt 0:02:25]} (50... Rb2 $1 $19 {[%cal Rb2c2]} 51. Rd3 Rxc2 52. Rxd4 Rc3+ 53. Ke2 Nxg3+ 54. Kd2 Ra3) 51. Rxb3 {[%emt 0:00:39]} Nd2+ {[%emt 0:00:03]} 52. Ke2 {[%emt 0:01:53]} Nxb3 {[%emt 0:00:03]} 53. Kd3 {[%emt 0:00:04]} Kg4 {[%emt 0:00:14]} 54. Kc4 {[%emt 0:00:05]} d3 {[%emt 0:01:01]} 55. Kxd3 $11 {[%emt 0:01:14]} Kxg3 {[%emt 0:00:06]} 56. Ne3 {[%emt 0:03:14]} Nc1+ {[%emt 0:00:42]} 57. Kc2 {[%emt 0:01:03]} f4 {[%emt 0:00:40]} 58. Nd5 {[%emt 0:00:05]} f3 {[%emt 0:00:16]} 59. Kxc1 {[%emt 0:00:01]} 1/2-1/2